Ten days to self-esteem

Bibliographic Details
Main Author: Burns, David D
Format: Book
Published: New York : Quill , 1993
Subjects:

MARC

LEADER 00000cam a2200000 7i4500
001 0000001623
002 000001771
005 20091006.0
020 |a 0688127088 
090 0 0 |a 616.89152   |b BUR 
100 1 |a Burns, David D 
245 1 0 |a Ten days to self-esteem   |c David D. Burns 
260 |a New York :   |b Quill ,   |c 1993 
300 |a 245p. ;   |c 28cm. 
650 0 0 |a Depressed persons   |x Counseling of   |x Handbooks, manuals, etc 
650 0 0 |a Self-help groups   |x Activity programs   |x Handbooks, manuals, etc. 
999 |a 034535   |b BUKU   |c PINJAMAN   |e PERPUSTAKAAN KOMUNITI PETALING JAYA